Hombres y dioses
Gardado en:
| Autor Principal: | |
|---|---|
| Formato: | Libro |
| Idioma: | Undetermined |
| Publicado: |
Buenos Aires, Argentina
Sopena
1946
|
| Materias: | |
| Etiquetas: |
Engadir etiqueta
Sen Etiquetas, Sexa o primeiro en etiquetar este rexistro!
|
MARC
| LEADER | 00000nam a2200000Ia 4500 | ||
|---|---|---|---|
| 008 | 170316s9999 xx 000 0 und d | ||
| 040 | |a cru BVZT | ||
| 090 | |a C-840 S-1h | ||
| 100 | |a Saint-Victor, Paul de | ||
| 245 | |a Hombres y dioses | ||
| 260 | |a Buenos Aires, Argentina | ||
| 260 | |b Sopena | ||
| 260 | |c 1946 | ||
| 300 | |a 190 páginas | ||
| 650 | |a LITERATURA FRANCESA |9 109 | ||
| 650 | |a CRÍTICA | ||
| 999 | |c 28388 |d 28388 | ||
| 942 | |c LIB |h C-840 S-1h |2 z | ||
